Actors who worked with Roland Emmerich - Statistics

General Stats
  • This quiz has been taken 25 times
  • The average score is 19 of 89
Answer Stats
Films Answer % Correct
Independence Day, Independence Day: Resurgence Jeff Goldblum
100%
Independence Day Will Smith
93%
The Day After Tomorrow Jake Gyllenhaal
71%
The Patriot Mel Gibson
71%
Independence Day, Independence Day: Resurgence Bill Pullman
64%
White House Down Channing Tatum
64%
White House Down Jamie Foxx
64%
Independence Day: Resurgence Liam Hemsworth
64%
2012 Chiwetel Ejiofor
57%
The Patriot Heath Ledger
57%
Independence Day, Independence Day: Resurgence Vivica A. Fox
57%
White House Down, Stonewall, Independence Day: Resurgence Joey King
50%
White House Down Maggie Gyllenhaal
50%
The Day After Tomorrow Parry King
50%
Universal Soldier Jean-Claude Van Damme
43%
2012 John Cusack
43%
2012, Midway Woody Harrelson
43%
2012 Danny Glover
36%
The Day After Tomorrow, Midway, Dennis Quaid
36%
Universal Soldier Dolph Lundgren
36%
Moonfall Halle Berry
36%
Godzilla Matthew Broderick
29%
Independence Day Randy Quaid
29%
2012 Amanda Peet
21%
The Patriot Chris Cooper
21%
Stargate James Spader
21%
White House Down James Woods
21%
White House Down Jason Clarke
21%
Godzilla Jean Reno
21%
Stargate Kurt Russell
21%
Midway, Moonfall Patrick Wilson
21%
2012 Thandiwe Newton
21%
2012 Tom McCarthy
21%
Midway Aaron Eckhart
14%
The Day After Tomorrow Austin Nichols
14%
10,000 BC Camilla Belle
14%
Stargate Djimon Hounsou
14%
Moonfall Donald Sutherland
14%
The Day After Tomorrow Emmy Rossum
14%
Godzilla Hank Azaria
14%
Godzilla Harry Shearer
14%
The Day After Tomorrow Ian Holm
14%
The Patriot Jason Isaacs
14%
Stargate Jaye Davidson
14%
Independence Day: Resurgence Jessie T. Usher
14%
The Patriot, Anonymous Joely Richardson
14%
Independence Day, Independence Day: Resurgence Judd Hirsch
14%
Godzilla Kevin Dunn
14%
The Patriot Logan Lerman
14%
Godzilla Maria Pitillo
14%
The Patriot René Auberjonois
14%
Anonymous Rhys Ifans
14%
White House Down Richard Jenkins
14%
The Day After Tomorrow, Independence Day: Resurgence Sela Ward
14%
10,000 BC Steven Strait
14%
The Patriot Tom Wilkinson
14%
Independence Day, The Patriot Adam Baldwin
7%
Independence Day, Independence Day: Resurgence Brent Spiner
7%
Midway Ed Skrein
7%
Moonfall John Bradley
7%
Midway Luke Evans
7%
Moonfall Michael Peña
7%
10,000 BC Omar Shariff
7%
Independence Day, Independence Day: Resurgence Robert Loggia
7%
Stonewall Ron Perlman
7%
Moonfall Charlie Plummer
0%
Independence Day: Resurgence Charlotte Gainsbourg
0%
10,000 BC Cliff Curtiss
0%
Midway Darren Criss
0%
Anonymous David Thewlis
0%
Independence Day Harvey Fierstein
0%
Independence Day James Duval
0%
Independence Day James Redhorn
0%
Anonymous Jamie Campbell Bower
0%
Stonewall Jeremy Irvine
0%
Universal Soldier Jerry Orbach
0%
Stonewall Jonathan Rhys Meyers
0%
Midway Luke Kleintank
0%
Independence Day Mae Whitman
0%
Independence Day: Resurgence Maika Monroe
0%
Midway Mandy Moore
0%
White House Down, Stonewall Matt Craven
0%
Midway Nick Jonas
0%
White House Down, Independence Day: Resurgence Nicolas Wright
0%
2012 Oliver Platt
0%
Anonymous Rafe Spall
0%
Independence Day: Resurgence Travis Trope
0%
Anonymous Vanessa Redgrave
0%
Independence Day: Resurgence William Fichtner
0%
No matching quizzes found
Score Distribution
Percent of People with Each Score
Percentile by Number Answered
Your Score History
You have not taken this quiz